A túlsó partról jelentem /

Saved in:
Bibliographic Details
Main Author: Ipper, Pál 1927-1990 (Author)
Format: Book
Language:Hungarian
Published: Budapest : Gondolat, 1970.
Edition:1. kiad.
Subjects:
ISBN: (brož.)
Physical Description: 373 s. ; 19 cm.
Tags: Add Tag
No Tags, Be the first to tag this record!

MARC

LEADER 00000nam a22000001a 4500
001 000410041
005 20121113180012.0
008 080915s1970 hu 000 0 hun d
020 |a (brož.)  |c Kčs 28,00 
040 |a SVKKK  |b slo  |c SVKKK  |e AACR2 
041 0 |a hun 
043 |a n-us--- 
044 |a hu  |c HU 
100 1 |a Ipper, Pál  |d 1927-1990  |4 aut 
245 1 2 |a A túlsó partról jelentem /  |c Pál Ipper. 
250 |a 1. kiad. 
260 |a Budapest :  |b Gondolat,  |c 1970. 
300 |a 373 s. ;  |c 19 cm. 
500 |a Reportáže 
651 7 |a Spojené štáty americké  |2 SVKKKPH 
910 |a svkkk 
998 |a BK 
090 |g SCKHL  |k Sklad Hlavná 10 suterén  |a I.38090  |j 440006  |i 2720629218  |s Absenčne